000
00289nam a2200109Ia 4500
008
220204s9999 xx 000 0 und d
082
_a
658.8(035)
_b
DIL
245
0
_a
Handbook of international direct marketing
260
_a
London
_b
McGraw Hill
_c
1976
700
_a
Dillon, John
942
_c
BK
999
_c
24902
_d
24902